000
00210 a2200097 4500
001
13981
100
_a
Wood F.R
245
_a
The second windmill book
260
_a
London
_b
Heinemann
_c
090
_c
10943
_d
10943
942
_a
NUST-CAE
_c
M
_c
1051
999
_c
249054
_d
249054